000 00482nam a2200157Ia 4500
008 210324s9999||||xx |||||||||||||| ||und||
040 _cSTCPL
041 _hMAL
082 _a894.812 2
_bSAN-S
245 0 _aSnehadoothan
_hസ്നേഹദൂതന്‍
250 _a1st
260 _aKottayam
_bNational Book Stall
_c1956
300 _a90
650 _aGeneralEARLY DAYS, THE GREAT DECISION THE HOSPITAL GROWS, WAR, IN EUROPE AGIN, RETURN TO LAMBARENCE, WAR AGAIN
942 _cBK
999 _c5986
_d5986